'K' Vocabulary (Medium) Quiz Stats

 Plays Quiz Updated Oct 26, 2017

Challenge
Share
Tweet
Embed
Score 0/25 Timer 06:00
10 Plays Today
% Correct
kidnap
96.5%
knockout
96.3%
kebab
96.1%
kaleidoscope
95.9%
karma
95.9%
knapsack
95.9%
kart
95.4%
kappa
95.2%
keyboard
95%
kiosk
94.7%
kneel
94.7%
kooky
94.7%
khaki
94.5%
% Correct
kin
94.4%
keynote
94.2%
kazoo
93.9%
kennel
93.8%
kale
93.6%
kaput
93.6%
kit
93.3%
kindle
92.4%
kernel
91.8%
kiln
90.5%
kelp
89.4%
keel
89.2%

You're not logged in!

Compare scores with friends on all Sporcle quizzes.
Join for Free
OR
Log In

You Might Also Like...

Show Comments

Extras

Top Quizzes Today


Score Distribution

Your Account Isn't Verified!

In order to create a playlist on Sporcle, you need to verify the email address you used during registration. Go to your Sporcle Settings to finish the process.

Report this User

Report this user for behavior that violates our Community Guidelines.

Details: